| 000 | 00372nam a22001217a 4500 | ||
|---|---|---|---|
| 999 |
_c2348 _d2348 |
||
| 005 | 20200914111356.0 | ||
| 008 | 200914b ||||| |||| 00| 0 eng d | ||
| 020 | _a416108407 | ||
| 040 | _cCML | ||
| 245 |
_aEnvironment and Land Use in Africa. _cThomas, M.F. |
||
| 260 |
_aLondon _bMethuen & Co Limited _c1969 |
||
| 942 |
_2ddc _cBK _e1st Edition _h333.76096 _mTHO |
||